| 000 | 01540nam a2200337 a 4500 | ||
|---|---|---|---|
| 001 | BRCA_8603 | ||
| 005 | 20190320210337.0 | ||
| 008 | 070916s1741----it-a######---#000-0#lat-# | ||
| 041 | _alat | ||
| 044 | _ait | ||
| 050 | 4 |
_aBS75 _b.D84 _c1741 |
|
| 100 | 1 |
_aHamel, Jo Baptista du _921504 |
|
| 245 | 1 | 0 |
_aBiblia sacra vulgatae editionis sixti V. & Clementis VIII Pontif. Max. auctoritate recognita versiculis distincta _buna cum selectis annotationibus ex optimis quibusque catholicis interpretibus & etiam ex auctoribus heterodoxis in his quae catholicae veritati non sunt contraria excerptis prolegomenis novis tabulis chronologicis historicis & geographicis illustrata _cJo Baptista du Hamel, Francisco Luca Brugensi. |
| 260 |
_aVenetiis _bEx typographia balleoniana _c1741 |
||
| 300 |
_aT.I, T.II _bil. _c29 cm |
||
| 500 | _aFondo antiguo | ||
| 500 | _aSe encuentra en Caja Fuerte | ||
| 500 | _aMG-2 | ||
| 500 | _aTomo I portada impresa a dos tintas negro y rojo, con grabado en la guarda | ||
| 500 | _aContiene prefacio y prólogo | ||
| 500 | _aTomo I incluye aprobación de la página xvi | ||
| 500 | _aIncluye indice | ||
| 500 | _aIncluye tablas | ||
| 500 | _aTexto impreso a dos columnas | ||
| 500 | _aUso de letras capitulares y viñetas al final de cada capítulo | ||
| 500 | _aNota de encuadernación: pasta española | ||
| 506 | 0 | _aFondo reservado: para su consulta es necesario credencial de usuario y carta de motivos | |
| 650 | 1 | 4 |
_aBiblia _tBrugensi, Francisco Luca _921505 |
| 902 | _aLAR | ||
| 942 |
_2lcc _cB |
||
| 999 |
_c8266 _d8266 |
||